000 00892nam a2200325 a 4500
001 vtls000116689
003 NLI
005 20210601204204.0
008 101125s1992 ii 001 0 eng
020 _cRs. 40.00
039 9 _y201011251257
_zVLOAD
040 _aNLI
_beng
_cDataSoft
_eAACR2
041 0 _aeng
044 _aii
082 0 4 _a327
100 1 _aHolsti, K. J.
_9219730
245 1 0 _aInternational politics :
_ba framework for analysis /
_cK. J. Holsti
250 _a6th ed.
260 _aNew Delhi :
_bPrentice-Hall,
_c1992
300 _ax, 419 p. ;
_c23 cm.
500 _aIncludes index
650 0 _aWorld politics
650 0 _aInternational relations
_92696
650 0 _aDiplomacy
_9201431
887 _a
901 _aDB62526
_b19.10.1992
902 _aE327 H742(3)
949 _AVIRTUAITEM
_D10000
_X100
_6DBA000062526ENG
942 _2ddc
_cBKS
999 _aVIRTUA00
_c122000
_d122000